[Event "Poti Aleksandria Cup"]
[Site "Poti"]
[Date "2011.07.15"]
[Round "5"]
[White "Arabidze, Meri"]
[Black "Mumladze, Maia"]
[Result "1-0"]
[WhiteElo "2311"]
[BlackElo "1528"]
[PlyCount "71"]
[EventDate "2011.07.11"]
[EventType "swiss"]
[EventRounds "9"]
[EventCountry "GEO"]
[SourceTitle "CBM 143 Extra"]
[Source "ChessBase"]
[SourceDate "2011.08.29"]
[SourceVersion "1"]
[SourceVersionDate "2011.08.29"]
[SourceQuality "1"]

1. d4 f5 2. g3 Nf6 3. Bg2 g6 4. Nf3 Bg7 5. 0-0 0-0 6. b3 d6 7. Bb2 Qe8 8. c4 Nbd7 9. d5 a5 10. Nc3 Nc5 11. Nb5 Qd8 12. Nfd4 Nfe4 13. a3 Bd7 14. b4 c6 15. bxc5 dxc5 16. dxc6 bxc6 17. Nxc6 Bxc6 18. Bxg7 Kxg7 19. Qc2 e5 20. Qb2 Qf6 21. Rad1 Rab8 22. a4 Rfd8 23. f3 Nd6 24. Qc3 Nb7 25. Rde1 Rd7 26. e4 f4 27. Bh3 Bxb5 28. cxb5 Rd4 29. Qc1 Rbd8 30. Rf2 Rxa4 31. gxf4 Qxf4 32. Qxf4 exf4 33. Rc2 Kf6 34. Bf1 Ra3 35. Bc4 Nd6 36. e5+ 1-0

[Event "EU-ch (Women) 12th"]
[Site "Tbilisi"]
[Date "2011.05.10"]
[Round "4"]
[White "Soyunlu, Narmin Asat Qizi"]
[Black "Mumladze, Maia"]
[Result "0-1"]
[WhiteElo "1884"]
[BlackElo "1517"]
[PlyCount "68"]
[EventDate "2011.05.07"]
[EventType "swiss"]
[EventRounds "11"]
[EventCountry "GEO"]
[SourceTitle "CBM 142 Extra"]
[Source "ChessBase"]
[SourceDate "2011.06.27"]
[SourceVersion "1"]
[SourceVersionDate "2011.06.27"]
[SourceQuality "1"]

1. d4 f5 2. c4 Nf6 3. g3 g6 4. Bg2 Bg7 5. Nc3 0-0 6. Nf3 d6 7. 0-0 Qe8 8. d5 e5 9. dxe6 Bxe6 10. Nd4 Bc8 11. Qb3 c6 12. Bf4 Nh5 13. Rad1 Nxf4 14. gxf4 Nd7 15. e3 Nc5 16. Qc2 a5 17. Nde2 Qe7 18. b3 Be6 19. a3 Bf7 20. Rfe1 Rfe8 21. Ng3 Qf6 22. Rc1 h6 23. Red1 Red8 24. b4 axb4 25. axb4 Na6 26. b5 Nb8 27. bxc6 bxc6 28. Na4 d5 29. cxd5 Bxd5 30. Bxd5+ cxd5 31. Ne2 Qh4 32. Kg2 Qg4+ 33. Ng3 d4 34. Nc5 Re8 0-1

[Event "EU-ch (Women) 12th"]
[Site "Tbilisi"]
[Date "2011.05.09"]
[Round "3"]
[White "Boyarchenko, Marie"]
[Black "Mumladze, Maia"]
[Result "1-0"]
[WhiteElo "1989"]
[BlackElo "1517"]
[PlyCount "49"]
[EventDate "2011.05.07"]
[EventType "swiss"]
[EventRounds "11"]
[EventCountry "GEO"]
[SourceTitle "CBM 142 Extra"]
[Source "ChessBase"]
[SourceDate "2011.06.27"]
[SourceVersion "1"]
[SourceVersionDate "2011.06.27"]
[SourceQuality "1"]

1. e4 c6 2. Nc3 d5 3. Nf3 dxe4 4. Nxe4 Nd7 5. d4 Ngf6 6. Nxf6+ Nxf6 7. c3 Bf5 8. Ne5 e6 9. g4 Qd5 10. Rg1 Qe4+ 11. Be2 Bg6 12. h4 h5 13. f3 Qc2 14. Nxg6 Qxg6 15. Bd3 Ne4 16. Bxe4 f5 17. Bd3 hxg4 18. Bg5 gxf3 19. Qxf3 Be7 20. 0-0-0 Bxg5+ 21. Rxg5 Qf6 22. Qf4 0-0-0 23. Re1 c5 24. Rxe6 Qf7 25. Bxf5 1-0